| 000 | 00389nam a2200169Ia 4500 | ||
|---|---|---|---|
| 001 | 3100 | ||
| 003 | IN-NITTTR | ||
| 005 | 20251114232941.0 | ||
| 008 | 251113s9999||||xx |||||||||||||| ||eng|| | ||
| 040 | _beng | ||
| 040 | _cIN-NITTTR | ||
| 041 | _aeng | ||
| 082 | _a551.42 M00H | ||
| 100 | _aMoore, Carl A. | ||
| 245 | 0 |
_aHandbook of subsurface geology / _cMoore, Carl A. |
|
| 942 |
_2ddc _cBK |
||
| 999 |
_c5090 _d5090 |
||